000
00254nam a22001097a 4500
082
_a
004.56 BAL'H
100
_a
BALFE, ALAM
_9
62271
245
_a
HARDDISK TIPS TOOLS AND TECHNIQUES
260
_a
NEWDELHI
_b
GALGOTIA
_c
1990
300
_a
169P
942
_c
BK
999
_c
571430
_d
571430